[Event "Hamburg-ch U14"]
[Site "Schoenhagen"]
[Date "2009.03.15"]
[Round "2"]
[White "Ukena, Riko"]
[Black "Pfeiffer, Daniel"]
[Result "1/2-1/2"]
[WhiteElo "1425"]
[BlackElo "1793"]
[PlyCount "42"]
[EventDate "2009.03.14"]
[EventType "swiss"]
[EventRounds "9"]
[EventCountry "GER"]
[SourceTitle "EXT 2010"]
[Source "ChessBase"]
[SourceDate "2010.11.25"]
[SourceVersion "1"]
[SourceVersionDate "2010.11.25"]
[SourceQuality "1"]

1. d4 Nf6 2. Nf3 g6 3. c4 Bg7 4. e3 d6 5. g3 0-0 6. Bg2 c5 7. 0-0 Nc6 8. b3 Qb6 9. Bb2 Ne8 10. Na3 Nc7 11. Nc2 a5 12. Rb1 Na6 13. dxc5 Nxc5 14. Bxg7 Kxg7 15. Ncd4 Bg4 16. Nxc6 bxc6 17. Qd4+ e5 18. Qxg4 f5 19. Qg5 Ne4 20. Qh4 h6 21. g4 g5 1/2-1/2

[Event "GER-chT Lands U20"]
[Site "Verden an der Aller"]
[Date "2007.09.29"]
[Round "1.7"]
[White "Pfeiffer, Daniel"]
[Black "Stroessner, Lena"]
[Result "0-1"]
[WhiteElo "1726"]
[BlackElo "1744"]
[PlyCount "88"]
[EventDate "2007.09.29"]
[EventType "team-swiss"]
[EventRounds "7"]
[EventCountry "GER"]
[SourceTitle "CBM 120 Extra"]
[Source "ChessBase"]
[SourceDate "2007.11.01"]
[SourceVersion "1"]
[SourceVersionDate "2007.11.01"]
[SourceQuality "1"]
[WhiteTeam "Hamburg"]
[BlackTeam "Nordrhein Westfalen"]
[WhiteTeamCountry "GER"]
[BlackTeamCountry "GER"]

1. e4 e6 2. d4 d5 3. Nc3 Bb4 4. e5 c5 5. Bd2 cxd4 6. Nb5 Bc5 7. Qg4 Ne7 8. b4 a6 9. bxc5 axb5 10. Qxd4 Bd7 11. f4 Qc7 12. Bd3 Na6 13. Be3 Rc8 14. Rb1 Nxc5 15. Bxb5 Bxb5 16. Rxb5 Ne4 17. Rb2 0-0 18. Ne2 Nf5 19. Qd3 Qc4 20. Bd4 Nxd4 21. Qxd4 Qxd4 22. Nxd4 Rc4 23. Nf3 Rfc8 24. 0-0 Rxc2 25. Rxc2 Rxc2 26. Ra1 h6 27. a4 Nc3 28. g3 Ra2 29. Rxa2 Nxa2 30. Nd4 Nc3 31. a5 Kf8 32. Kf2 g6 33. Ke3 Ke7 34. Nc2 Kd7 35. Kd4 Ne4 36. Nb4 Nd2 37. h3 Nb3+ 38. Kc3 Nxa5 39. Nd3 Kc6 40. Kb4 Nc4 41. h4 Ne3 42. Nf2 h5 43. Kc3 Nf5 44. Nh1 Kc5 0-1

[Event "Hamburger Liga Aufstieg"]
[Site "Hamburg"]
[Date "2007.08.18"]
[Round "2.17"]
[White "Pfeiffer, Daniel"]
[Black "Schwirz, Horst"]
[Result "1-0"]
[WhiteElo "1726"]
[BlackElo "1478"]
[PlyCount "139"]
[EventDate "2007.08.13"]
[EventType "swiss"]
[EventRounds "7"]
[EventCountry "GER"]
[SourceTitle "EXT 2022"]
[Source "ChessBase"]
[SourceDate "2021.10.06"]
[SourceVersion "1"]
[SourceVersionDate "2021.10.06"]
[SourceQuality "1"]

1. e4 e5 2. Nf3 Nc6 3. Nc3 Nf6 4. Bb5 Bb4 5. 0-0 0-0 6. d3 d6 7. Bg5 Bxc3 8. bxc3 Qe7 9. Re1 Nd8 10. d4 Ne6 11. Qd2 Nxg5 12. Qxg5 c6 13. Bc4 Re8 14. Bd3 h6 15. Qd2 Bg4 16. Qe3 Bh5 17. Nh4 Ng4 18. Qg3 Qd7 19. Bc4 d5 20. Bd3 exd4 21. f3 Nf6 22. e5 Ng4 23. fxg4 Qxg4 24. Qxg4 Bxg4 25. cxd4 g6 26. h3 Bd7 27. a4 a5 28. Rab1 Rab8 29. Nf3 b5 30. Ra1 bxa4 31. Rxa4 c5 32. Rxa5 c4 33. Be2 Be6 34. Nh2 h5 35. g4 Rb2 36. Rc1 Reb8 37. Raa1 Bd7 38. gxh5 Bxh3 39. Bg4 Bxg4 40. Nxg4 gxh5 41. Nf6+ Kh8 42. Kh2 h4 43. Kh3 Kg7 44. Rg1+ Kh6 45. Rac1 c3 46. Rg4 Rb1 47. Rxh4+ Kg5 48. Rg4+ Kf5 49. Rxb1 Rxb1 50. Rg2 Rd1 51. Nxd5 Rxd4 52. Nxc3 Kxe5 53. Rg5+ f5 54. Rg2 Rc4 55. Nd1 Re4 56. Nb2 Re3+ 57. Kh2 Rc3 58. Nd3+ Kf6 59. Kg3 Rc4 60. Kf3 Ke6 61. Ke3 Re4+ 62. Kd2 Rg4 63. Rxg4 fxg4 64. Ke3 Kd5 65. Kf4 Kc4 66. Kxg4 Kc3 67. Ne1 Kc4 68. Kf3 Kd5 69. Ke3 Kc4 70. Kd2 1-0

[Event "Harburg-chE 5th"]
[Site "Hamburg"]
[Date "2007.07.08"]
[Round "5"]
[White "Pfeiffer, Daniel"]
[Black "Lochmann, Viktor"]
[Result "0-1"]
[WhiteElo "1726"]
[BlackElo "1924"]
[PlyCount "110"]
[EventDate "2007.07.06"]
[EventType "tourn"]
[EventRounds "5"]
[EventCountry "GER"]
[SourceTitle "EXT 2008"]
[Source "ChessBase"]
[SourceDate "2007.11.25"]
[SourceVersion "1"]
[SourceVersionDate "2007.11.25"]
[SourceQuality "1"]

1. e4 c6 2. d4 d5 3. Nd2 dxe4 4. Nxe4 Bf5 5. Ng3 Bg6 6. Nf3 e6 7. h4 h6 8. h5 Bh7 9. Bd3 Bxd3 10. Qxd3 Qa5+ 11. Bd2 Qa6 12. Ne5 Nf6 13. Ne4 Nxe4 14. Qxe4 Qb5 15. 0-0-0 Qd5 16. Qxd5 cxd5 17. Rh3 Bd6 18. Rb3 b6 19. Rf3 0-0 20. g4 f6 21. Ng6 Re8 22. Re1 Nc6 23. Bc3 b5 24. b3 a5 25. Rfe3 Kf7 26. f4 Ba3+ 27. Kb1 Bd6 28. f5 exf5 29. Rxe8 Rxe8 30. Rxe8 Kxe8 31. gxf5 b4 32. Bb2 Bg3 33. c4 bxc3 34. Bxc3 Bf2 35. Kc2 Bxd4 36. Kd3 Be5 37. a3 Bd6 38. b4 axb4 39. axb4 Kd7 40. b5 Na7 41. b6 Nb5 42. Bd4 Nxd4 43. Kxd4 Kc6 44. b7 Bc5+ 45. Kd3 Kxb7 46. Nf4 Kc6 47. Ne6 Kd6 48. Nxg7 Ke5 49. Ke2 Ke4 50. Kd2 Bf8 51. Ne6 Bb4+ 52. Ke2 Kxf5 53. Ng7+ Kg4 54. Kd3 Bc5 55. Ke2 f5 0-1

[Event "GER-ch U12"]
[Site "Willingen"]
[Date "2007.06.01"]
[Round "9"]
[White "Pfeiffer, Daniel"]
[Black "Steblin, Daniel"]
[Result "1-0"]
[WhiteElo "1707"]
[BlackElo "1607"]
[PlyCount "83"]
[EventDate "2007.05.26"]
[EventType "swiss"]
[EventRounds "11"]
[EventCountry "GER"]
[SourceTitle "CBM 118 Extra"]
[Source "ChessBase"]
[SourceDate "2007.07.04"]
[SourceVersion "1"]
[SourceVersionDate "2007.07.04"]
[SourceQuality "1"]

1. e4 e5 2. Nf3 Nc6 3. Nc3 Nf6 4. Bb5 d6 5. d4 exd4 6. Qxd4 Bd7 7. Bxc6 Bxc6 8. Bf4 Be7 9. 0-0-0 Qd7 10. Rhe1 b6 11. e5 dxe5 12. Qxd7+ Nxd7 13. Nxe5 Nxe5 14. Bxe5 0-0 15. Bxc7 Bb4 16. Be5 f6 17. a3 fxe5 18. axb4 Rxf2 19. Rxe5 Rxg2 20. h4 Rh2 21. b5 Be8 22. Rd4 Bg6 23. Re2 Rxe2 24. Nxe2 Rc8 25. c4 Kf7 26. Kd2 Rc7 27. Nf4 Bf5 28. b4 Be6 29. Kc3 h6 30. Nd5 Rc8 31. Rf4+ Ke8 32. Kd4 Rd8 33. Ke5 Bxd5 34. cxd5 Rc8 35. d6 Rc1 36. Rg4 Kf7 37. Kd5 Rc8 38. Rf4+ Ke8 39. Ke6 Rd8 40. Rc4 Rb8 41. Rc7 g5 42. Rh7 1-0

[Event "GER-ch U12"]
[Site "Willingen"]
[Date "2007.05.30"]
[Round "8"]
[White "Niedermayer, Julian Andi"]
[Black "Pfeiffer, Daniel"]
[Result "1-0"]
[WhiteElo "1588"]
[BlackElo "1707"]
[PlyCount "35"]
[EventDate "2007.05.26"]
[EventType "swiss"]
[EventRounds "11"]
[EventCountry "GER"]
[SourceTitle "CBM 118 Extra"]
[Source "ChessBase"]
[SourceDate "2007.07.04"]
[SourceVersion "1"]
[SourceVersionDate "2007.07.04"]
[SourceQuality "1"]

1. Nf3 Nf6 2. c4 g6 3. Nc3 Bg7 4. g3 d6 5. d4 0-0 6. Bg2 Nbd7 7. 0-0 a6 8. Qd3 c5 9. e3 Qc7 10. Bd2 Rb8 11. Rac1 b5 12. b3 bxc4 13. Qxc4 Nb6 14. Qe2 c4 15. Nb1 a5 16. Bxa5 Bf5 17. Nbd2 Bd3 18. Qxd3 1-0

[Event "GER-ch U12"]
[Site "Willingen"]
[Date "2007.05.26"]
[Round "1"]
[White "Pfeiffer, Daniel"]
[Black "Spiegelberg, Silvia"]
[Result "1-0"]
[WhiteElo "1707"]
[BlackElo "1347"]
[PlyCount "69"]
[EventDate "2007.05.26"]
[EventType "swiss"]
[EventRounds "11"]
[EventCountry "GER"]
[SourceTitle "CBM 118 Extra"]
[Source "ChessBase"]
[SourceDate "2007.07.04"]
[SourceVersion "1"]
[SourceVersionDate "2007.07.04"]
[SourceQuality "1"]

1. e4 c5 2. Nf3 Nc6 3. d4 cxd4 4. Nxd4 Nf6 5. Nc3 e5 6. Ndb5 d6 7. Nd5 Nxd5 8. exd5 Nb8 9. c4 Nd7 10. Be2 a6 11. Nc3 Be7 12. 0-0 0-0 13. Kh1 f5 14. f4 Bf6 15. Qc2 g6 16. b4 Qc7 17. Qb3 Re8 18. fxe5 Bxe5 19. Bf3 b5 20. c5 dxc5 21. d6+ c4 22. Qc2 Qb8 23. Bxa8 Qxa8 24. Bf4 Bf6 25. Rae1 Rxe1 26. Rxe1 Bb7 27. Re2 h5 28. Qd2 Qd8 29. Nd5 Bh8 30. Ne7+ Kf7 31. Nd5 Kg8 32. Qe1 Nf6 33. Nxf6+ Qxf6 34. Re8+ Kh7 35. Qe7+ 1-0

[Event "GER-ch U12"]
[Site "Willingen"]
[Date "2006.06.07"]
[Round "8"]
[White "Pfeiffer, Daniel"]
[Black "Stark, Saskia"]
[Result "1-0"]
[WhiteElo "1606"]
[BlackElo "1484"]
[PlyCount "97"]
[EventDate "2006.06.03"]
[EventType "swiss"]
[EventRounds "11"]
[EventCountry "GER"]
[SourceTitle "EXT 2007"]
[Source "ChessBase"]
[SourceDate "2006.11.23"]
[SourceVersion "1"]
[SourceVersionDate "2006.11.23"]
[SourceQuality "1"]

1. e4 c5 2. Nf3 Nc6 3. d4 cxd4 4. Nxd4 Nf6 5. Nc3 e5 6. Ndb5 d6 7. Nd5 Nxd5 8. exd5 Nb8 9. c4 a6 10. Nc3 Be7 11. Be2 0-0 12. 0-0 f5 13. f4 Nd7 14. b4 Qb6+ 15. Kh1 Qxb4 16. Na4 Qa5 17. Rb1 Qd8 18. Be3 g5 19. fxe5 Nxe5 20. Bb6 Qd7 21. Bd4 Qe8 22. c5 Ng6 23. Bh5 Bd7 24. Nb6 Rb8 25. Re1 Qd8 26. Nxd7 Qxd7 27. Bxg6 hxg6 28. Re6 Kh7 29. g4 dxc5 30. Be5 Rbd8 31. Rbb6 fxg4 32. Qb3 Rf1+ 33. Kg2 Rdf8 34. Rxb7 R8f2+ 35. Kg3 Rf3+ 36. Kxg4 Rxb3 37. Rxd7 Rg1+ 38. Bg3 Rb4+ 39. Kf3 Kg8 40. Rexe7 Rb8 41. Re1 Rf8+ 42. Kg4 Rg2 43. Ree7 Rc8 44. Rg7+ Kf8 45. Kh3 Rxa2 46. Bd6+ Ke8 47. Rde7+ Kf8 48. Rc7+ Ke8 49. Rxc8# 1-0

[Event "GER-ch U12"]
[Site "Willingen"]
[Date "2006.06.04"]
[Round "2"]
[White "Pfeiffer, Daniel"]
[Black "Duessler, Stefanie"]
[Result "1-0"]
[WhiteElo "1606"]
[BlackElo "1289"]
[PlyCount "87"]
[EventDate "2006.06.03"]
[EventType "swiss"]
[EventRounds "11"]
[EventCountry "GER"]
[SourceTitle "EXT 2007"]
[Source "ChessBase"]
[SourceDate "2006.11.23"]
[SourceVersion "1"]
[SourceVersionDate "2006.11.23"]
[SourceQuality "1"]

1. e4 d5 2. exd5 Qxd5 3. Nc3 Qa5 4. d4 Nf6 5. Bc4 Bf5 6. Bd2 c6 7. Nf3 e6 8. Nd5 Qd8 9. Nxf6+ Qxf6 10. Bc3 Qd8 11. Qe2 Nd7 12. 0-0 Bd6 13. Rad1 Nb6 14. Bb3 Qc7 15. Ba5 Bg4 16. h3 Bh5 17. c4 c5 18. Ba4+ Kf8 19. d5 exd5 20. Rxd5 Bxf3 21. gxf3 Bh2+ 22. Kh1 Qf4 23. Bxb6 axb6 24. Re1 g6 25. b3 Kg7 26. Qb2+ Kh6 27. Kg2 f5 28. Rh1 Qg5+ 29. Kxh2 Qf4+ 30. Kg2 Qg5+ 31. Kf1 Rad8 32. h4 Qf4 33. h5 Qxf3 34. Qd2+ Kg7 35. h6+ Kf7 36. Rd7+ Rxd7 37. Qxd7+ Kf6 38. Qg7+ Ke6 39. Qd7+ Kf6 40. Qd6+ Kf7 41. Qd5+ Qxd5 42. cxd5 Rd8 43. Bb5 Kf6 44. Bc4 1-0

[Event "Hamburg Robinow op"]
[Site "Hamburg"]
[Date "2005.10.08"]
[Round "8"]
[White "Mahendiran, Sadadchcharam"]
[Black "Pfeiffer, Daniel"]
[Result "0-1"]
[WhiteElo "1688"]
[BlackElo "1594"]
[PlyCount "80"]
[EventDate "2005.10.01"]
[EventType "swiss"]
[EventRounds "9"]
[EventCountry "GER"]
[SourceTitle "CBM 108 Extra"]
[Source "ChessBase"]
[SourceDate "2005.11.04"]
[SourceVersion "1"]
[SourceVersionDate "2005.11.04"]
[SourceQuality "1"]

1. d4 Nf6 2. c4 g6 3. Nc3 Bg7 4. e4 d6 5. Nf3 0-0 6. Be2 e5 7. d5 Nbd7 8. 0-0 Ne8 9. h3 f5 10. exf5 gxf5 11. Bd2 Nef6 12. Qc1 Qe8 13. Nb5 Qd8 14. Rb1 a6 15. Nc3 Qe8 16. b4 f4 17. Ng5 Nb8 18. Bd3 h6 19. Nge4 Qg6 20. Nxf6+ Qxf6 21. Kh1 Qh4 22. Kh2 f3 23. Be4 fxg2 24. Bxg2 Bf5 25. Rb3 e4 26. Bf4 Bxh3 27. Bg3 Be5 28. Bxh3 Rxf2+ 29. Rxf2 Bxg3+ 30. Kg2 Bxf2 31. Ne2 e3 32. Be6+ Kf8 33. c5 Qg5+ 34. Kf3 Qh5+ 35. Bg4 Qxd5+ 36. Kf4 Qe5+ 37. Kf3 Nc6 38. Qc4 Qf6+ 39. Qf4 Ne5+ 40. Ke4 d5+ 0-1

[Event "Hamburg Robinow op"]
[Site "Hamburg"]
[Date "2005.10.03"]
[Round "3"]
[White "Pfeiffer, Daniel"]
[Black "Blittkowsky, Ralf"]
[Result "0-1"]
[WhiteElo "1594"]
[BlackElo "1586"]
[PlyCount "56"]
[EventDate "2005.10.01"]
[EventType "swiss"]
[EventRounds "9"]
[EventCountry "GER"]
[SourceTitle "CBM 108 Extra"]
[Source "ChessBase"]
[SourceDate "2005.11.04"]
[SourceVersion "1"]
[SourceVersionDate "2005.11.04"]
[SourceQuality "1"]

1. e4 e6 2. d4 d5 3. Nc3 Nf6 4. e5 Nfd7 5. f4 b6 6. Nf3 Be7 7. Be3 0-0 8. Qd2 c5 9. 0-0-0 Nc6 10. g4 cxd4 11. Nxd4 Nxd4 12. Bxd4 Nc5 13. h4 Bd7 14. g5 Rc8 15. h5 Be8 16. Bh3 b5 17. Qh2 b4 18. Ne2 b3 19. Kb1 bxc2+ 20. Kxc2 Ba4+ 21. Kb1 Bxd1 22. g6 Bxe2 23. Qxe2 Rc6 24. h6 fxg6 25. hxg7 Kxg7 26. Qg4 Qe8 27. Bf1 Qf7 28. Qh3 Qf5+ 0-1

[Event "Hamburg Robinow op"]
[Site "Hamburg"]
[Date "2005.10.01"]
[Round "1"]
[White "Ernst, Herwarth"]
[Black "Pfeiffer, Daniel"]
[Result "1-0"]
[WhiteElo "1766"]
[BlackElo "1594"]
[PlyCount "77"]
[EventDate "2005.10.01"]
[EventType "swiss"]
[EventRounds "9"]
[EventCountry "GER"]
[SourceTitle "CBM 108 Extra"]
[Source "ChessBase"]
[SourceDate "2005.11.04"]
[SourceVersion "1"]
[SourceVersionDate "2005.11.04"]
[SourceQuality "1"]

1. e4 c5 2. Nf3 d6 3. d4 cxd4 4. Nxd4 Nf6 5. Nc3 a6 6. Bg5 e6 7. f4 Be7 8. Qf3 Nbd7 9. 0-0-0 0-0 10. g4 Qc7 11. h4 b5 12. Bxf6 Nxf6 13. g5 Nd7 14. h5 Nc5 15. Rg1 Bb7 16. Bd3 Rac8 17. f5 e5 18. f6 exd4 19. fxe7 Rfe8 20. Nd5 Bxd5 21. exd5 Rxe7 22. g6 Re3 23. Qxf7+ Qxf7 24. gxf7+ Kxf7 25. Bxh7 Rh8 26. Rdf1+ Ke8 27. Rxg7 Re7 28. Bg6+ Kd8 29. Rxe7 Kxe7 30. Rf7+ Kd8 31. Rf4 Ke7 32. Rxd4 Kf6 33. Kd2 Rf8 34. Rf4+ Kg7 35. Rxf8 Kxf8 36. h6 Nd7 37. Kc3 a5 38. Bd3 b4+ 39. Kc4 1-0

[Event "Hamburg League qual"]
[Site "Hamburg"]
[Date "2005.08.14"]
[Round "1"]
[White "Pfeiffer, Daniel"]
[Black "Graffenberger, Wilhelm"]
[Result "1-0"]
[WhiteElo "1449"]
[BlackElo "1754"]
[PlyCount "63"]
[EventDate "2005.08.14"]
[EventType "swiss"]
[EventRounds "7"]
[EventCountry "GER"]
[SourceTitle "EXT 2006"]
[Source "ChessBase"]
[SourceDate "2005.11.24"]
[SourceVersion "1"]
[SourceVersionDate "2005.11.24"]
[SourceQuality "1"]

1. e4 e5 2. Nf3 Nc6 3. Nc3 Bc5 4. Nxe5 Bxf2+ 5. Kxf2 Nxe5 6. d4 Ng6 7. Bc4 d6 8. Rf1 Nf6 9. Kg1 h6 10. Qf3 0-0 11. Bxh6 gxh6 12. Qxf6 Qxf6 13. Rxf6 Kg7 14. Raf1 Be6 15. Be2 c6 16. Bh5 Rac8 17. Bxg6 fxg6 18. Rxe6 Rxf1+ 19. Kxf1 Rf8+ 20. Ke2 Rf6 21. Re7+ Rf7 22. Rxf7+ Kxf7 23. Kf3 Kf6 24. h4 h5 25. Kf4 b6 26. e5+ dxe5+ 27. dxe5+ Ke6 28. Ke4 a6 29. Na4 c5 30. Nxb6 a5 31. Nc4 a4 32. Nb6 1-0

[Event "GER-ch U10"]
[Site "Willingen"]
[Date "2005.05.21"]
[Round "11"]
[White "Pfeiffer, Daniel"]
[Black "Kyas, Philipp"]
[Result "1/2-1/2"]
[WhiteElo "1428"]
[BlackElo "1273"]
[PlyCount "42"]
[EventDate "2005.05.14"]
[EventType "swiss"]
[EventRounds "11"]
[EventCountry "GER"]
[SourceTitle "CBM 106 Extra"]
[Source "ChessBase"]
[SourceDate "2005.07.01"]
[SourceVersion "1"]
[SourceVersionDate "2005.07.01"]
[SourceQuality "1"]

1. e4 e5 2. Nf3 Nc6 3. Nc3 Nf6 4. Bb5 d6 5. d4 Bd7 6. Bg5 Be7 7. Qd2 h6 8. Bh4 0-0 9. 0-0-0 Bg4 10. Bxc6 Bxf3 11. gxf3 bxc6 12. Rhg1 Kh7 13. Qe2 exd4 14. Rxd4 c5 15. Rd3 Rb8 16. e5 Ng8 17. Qe4+ g6 18. Bxe7 Nxe7 19. h4 h5 20. Rg5 Kg7 21. f4 Rb4 1/2-1/2

[Event "GER-ch U10"]
[Site "Willingen"]
[Date "2005.05.15"]
[Round "1"]
[White "Pfeiffer, Daniel"]
[Black "Duessler, Stefanie"]
[Result "1-0"]
[WhiteElo "1428"]
[BlackElo "1087"]
[PlyCount "65"]
[EventDate "2005.05.14"]
[EventType "swiss"]
[EventRounds "11"]
[EventCountry "GER"]
[SourceTitle "CBM 106 Extra"]
[Source "ChessBase"]
[SourceDate "2005.07.01"]
[SourceVersion "1"]
[SourceVersionDate "2005.07.01"]
[SourceQuality "1"]

1. e4 e5 2. Nf3 Nf6 3. Nxe5 d6 4. Nf3 Nxe4 5. d4 d5 6. Bd3 Bg4 7. c4 c6 8. 0-0 Be7 9. Re1 f5 10. Nc3 0-0 11. Qb3 Bxf3 12. gxf3 Nxc3 13. bxc3 b6 14. Ba3 Bxa3 15. Qxa3 Qg5+ 16. Kh1 Qd2 17. Be2 Re8 18. Rad1 Qf4 19. Qc1 Qxc1 20. Rxc1 Nd7 21. Bd3 g6 22. Re3 Nf6 23. Rce1 Kf7 24. Rxe8 Rxe8 25. Re3 Nh5 26. cxd5 cxd5 27. Ba6 Nf4 28. Kg1 Rxe3 29. fxe3 Ne2+ 30. Bxe2 Ke6 31. Kg2 Kd6 32. Ba6 Kc6 33. a4 1-0